Veľké predsavzatia

Bibliographic Details
Main Author: Uhrín, Ján (Author)
Format: Article
Language:Slovak
Subjects:

MARC

LEADER 00000nab a2200000 a 4500
001 vtls000924581
003 SK-MaSNL
005 20260303033549.0
008 040720e19980000xo 0 slo
035 |a KE33458 
040 |a KEVKJB  |b slo  |c KEVKJB  |e AACR2 
041 0 |a slo 
044 |a xo  |c SK 
080 |a 353  |2 1981 
080 |a 352  |2 1981 
100 1 |a Uhrín, Ján  |4 aut  |9 273207 
245 1 0 |a Veľké predsavzatia 
650 0 7 |a štátna správa  |2 KEVKJB  |9 1539 
650 0 7 |a samospráva  |2 KEVKJB  |9 4165 
651 7 |a Košice-okolie (Slovensko : okres)  |2 KEVKJB  |9 146743 
651 7 |a KS,  |2 KEVKJB  |9 880381 
655 7 |a periodikum  |2 snkbucl  |9 29553 
773 0 8 |t Verejná správa  |g Roč. 28, č.1 (1998), s. 7 
852 |a ZVYKNI  |b KIS3GCP 
999 |c 1670549  |d 1672479